000 00361nam a2200145Ia 4500
008 230312s9999||||xx |||||||||||||| ||und||
020 _a1-86108-347-5
082 _a771.32
_bBUR-G
100 _aBurgess;Michael
245 0 _aGetting the Best From Your 35MM SLR Camera
260 _bMichael
_aUK
_c2004
300 _a175
650 _aArchitecture
942 _cBK
999 _c12082
_d12082